| 000 | 00904nam a2200265 i 4500 | ||
|---|---|---|---|
| 001 | 8428 | ||
| 003 | ES-MaACL | ||
| 005 | 20230906145445.0 | ||
| 007 | t| | ||
| 008 | 920617s1986 sp |||| | spa d | ||
| 020 | _a84-7423-280-5 | ||
| 080 | _a338(100)"1945/..." | ||
| 100 | 1 |
_aWee, Herman Van der. _9116291 |
|
| 245 | 1 | 0 |
_aProsperidad y crisis _b: reconstrucción, crecimiento y cambio, 1945-1980 / _cHerman van der Wee ; traducción castellana de Gustau Muñoz. |
| 260 |
_aBarcelona : _bCrítica, _c[1986] |
||
| 300 |
_a677 p. ; _c20 cm. |
||
| 490 | 1 |
_aHistoria económica mundial del siglo XX ; _v5 |
|
| 504 | _aBibliografía: p. [624]-662. | ||
| 650 | 1 | 4 |
_aEconomía mundial- _y1945-1989. _9152137 |
| 700 | 1 |
_aMuñoz, Gustau. _984309 |
|
| 830 | 1 |
_aHistoria económica mundial del siglo XX ; _v5 _9177970 |
|
| 852 |
_aES-MaACL _jL-15823 |
||
| 852 |
_aES-MaACL _jL-15972 |
||
| 999 |
_c8428 _d8428 |
||